| 000 | 00449nam a2200169Ia 4500 | ||
|---|---|---|---|
| 008 | 231217s9999 xx 000 0 und d | ||
| 020 | _a8170993873 | ||
| 041 | _aEnglish | ||
| 082 | _a628 MAI;1 R | ||
| 100 | _aMaitthani, B P. Sankar, T L For. | ||
| 245 | 0 | _aEnvironmental planning for sustainable development approach | |
| 250 | _a1st ed. | ||
| 260 |
_c1992 _bMittal _aNew Delhi |
||
| 300 | _axiv, 140 | ||
| 650 | _aplanning | ||
| 942 | _cAA | ||
| 999 |
_c186284 _d186284 |
||